000 00659nam a2200241Ia 4500
003 OSt
005 20220918174000.0
006 a|||||r|||| 00| 0
007 ta
008 220917b |||||||| |||| 00| 0 eng d
024 _a9,619
037 _cTextual
040 _aARTS
_cARTS
_beng
041 _2eng
_aeng
082 _aM:A, J2
100 _aChristman Ruth C. ed
_948687
245 0 _aIndustrial science present and future
260 _aAmarica
_bComposed and Printed At Waverly Press USA
_c1952
300 _a152p
_ccm.
650 _aINDUSTRIAL ARTS
942 _hM:A, J2
_cTEXL
_2CC
999 _c151257
_d151257